<?xml version="1.0" encoding="UTF-8"?>
<collection xmlns="http://www.loc.gov/MARC21/slim">
 <record>
  <leader>01539nam a2200229Ia 4500</leader>
  <controlfield tag="001">TDMU_17612</controlfield>
  <controlfield tag="008">210410s9999    xx            000 0 und d</controlfield>
  <datafield tag="082" ind1=" " ind2=" ">
   <subfield code="a">342.59702</subfield>
  </datafield>
  <datafield tag="090" ind1=" " ind2=" ">
   <subfield code="b">NG527</subfield>
  </datafield>
  <datafield tag="100" ind1=" " ind2=" ">
   <subfield code="a">Nguyễn, Thị Phương</subfield>
  </datafield>
  <datafield tag="245" ind1=" " ind2="0">
   <subfield code="a">Giáo trình luật hiến pháp Việt Nam</subfield>
  </datafield>
  <datafield tag="245" ind1=" " ind2="0">
   <subfield code="b">Dùng trong các trường Đại học chuyên ngành Luật, An ninh</subfield>
  </datafield>
  <datafield tag="245" ind1=" " ind2="0">
   <subfield code="c">Nguyễn Thị Phương (ch.b), Lưu Trung Thành (b.s)</subfield>
  </datafield>
  <datafield tag="260" ind1=" " ind2=" ">
   <subfield code="a">H.</subfield>
  </datafield>
  <datafield tag="260" ind1=" " ind2=" ">
   <subfield code="b">Giáo dục Việt Nam</subfield>
  </datafield>
  <datafield tag="260" ind1=" " ind2=" ">
   <subfield code="c">2010</subfield>
  </datafield>
  <datafield tag="300" ind1=" " ind2=" ">
   <subfield code="a">302tr.</subfield>
  </datafield>
  <datafield tag="520" ind1=" " ind2=" ">
   <subfield code="a">Gồm 15 chương: Những vấn đề cơ bản về luật hiến pháp; hiến pháp và lịch sử lập hiến Việt Nam; chế độ chính trị; chế độ kinh tế; văn hóa, giáo dục, khoa học và công nghệ; quyền và nghĩa vụ cơ bản chủa công dân; chế độ bầu cử; bộ máy nhà nước cộng hòa xã hội chủ nghĩa Việt Nam; quốc hội; chủ tịch nước; chính phủ; hội đồng nhân dân; ủy ban nhân dân; tòa án nhân dân; viện kiểm soát nhân dân.</subfield>
  </datafield>
  <datafield tag="650" ind1=" " ind2=" ">
   <subfield code="a">Luật hiến pháp</subfield>
   <subfield code="z">Việt Nam</subfield>
   <subfield code="v">Giáo trình; Việt Nam</subfield>
   <subfield code="x">Luật và Pháp chế</subfield>
   <subfield code="x">Luật Hiến pháp</subfield>
  </datafield>
  <datafield tag="700" ind1=" " ind2=" ">
   <subfield code="a">Lưu, Trung Thành</subfield>
  </datafield>
  <datafield tag="856" ind1=" " ind2=" ">
   <subfield code="u">http://lrc.tdmu.edu.vn/opac/search/detail.asp?aID=2&amp;ID=17612</subfield>
  </datafield>
  <datafield tag="980" ind1=" " ind2=" ">
   <subfield code="a">Trung tâm Học liệu Trường Đại học Thủ Dầu Một</subfield>
  </datafield>
 </record>
</collection>
